I. Les conflits de la détente - Guerre du Vietnam - Statistiques

Statistiques générales
  • Ce quiz a été pris 78 fois
  • Le résultat moyen est 3 sur 15
Statistiques - réponses
Hint Réponse % Correct
Guerre du Vietnam (années) 1955-1975
59%
Création de l'OTASE (année) 1954
58%
Mort d'Ho Chi Minh (année) 1969
55%
Accords de Paris (année) 1973
53%
Création du Viet Cong (année) 1960
34%
Accords de Genève (mois+année) Juillet 1954
23%
Offensive du Têt (mois+année) Janvier 1968
14%
Prise de Saïgon (jour+mois+année) 30 avril 1975
11%
Intensification des troupes au sol (années) 1965-1968
8%
Opération Rolling Thunder (années) 1965-1968
8%
Morts civils vietnamiens (nord et sud confondus) 2 500 000
6%
Nombre total de morts (environ) 4 000 000
6%
Draft lottery USA (mois+année) décembre 1969
5%
Stratégie "vietnamisation" par Nixon (mois+année) novembre 1969
5%
Incident du Golfe du Tonkin (jours+mois+année) 2-4 aout 1964
2%
Aucun quiz correspondant
Distribution des résultats
% des personnes avec chaque résultat
Percentile par nombre de réponses
Votre historique - résultats
Vous n’avez pas pris ce quiz